LIBRARY & INFORMATION CENTRE, KCAET, TAVANUR

ONLINE PUBLIC ACCESS CATALOGUE (OPAC)

Poems / (Record no. 5850)

MARC details
000 -LEADER
fixed length control field 00433cam a2200169ua 4500
041 ## - LANGUAGE CODE
Language code of text/sound track or separate title eng
082 ## - DEWEY DECIMAL CLASSIFICATION NUMBER
Classification number 821
Item number KIN/PO
100 ## - MAIN ENTRY--AUTHOR NAME
Personal name Kingsley, Charles .
245 ## - TITLE STATEMENT
Title Poems /
260 ## - PUBLICATION, DISTRIBUTION, ETC. (IMPRINT)
Place of publication London :
Name of publisher J M Dent and Sons Ltd ,
Year of publication 1927.
300 ## - PHYSICAL DESCRIPTION
Number of Pages 236 ; .
490 0# - SERIES STATEMENT
Series statement Everyman`s Library,
Volume number/sequential designation
942 ## - ADDED ENTRY ELEMENTS (KOHA)
Koha item type Books
Holdings
Withdrawn status Lost status Damaged status Home library Current library Date acquired Full call number Accession Number Koha item type
Withdrawn     KAUAET Central Prison Tavanur 07/04/2012 821 4421 Books
free website counter